• 首页
  • 本馆介绍
  • 公告通知
  • 最新文献
  • 馆藏检索
  • 电子资源
  • 读者导购
  • 参考咨询
  • 我的图书馆
  • 登录
  • 详细信息显示
  • 放入我的书架
  • 预约/预借图书
  • 作者相关作品
  • 分类相关作品
  • 丛书相关作品
  • 出版社相关作品

书目信息

  • 表格格式
  • 工作单格式
  • 卡片格式
题名:
智能网联汽车技术与应用
    
 
作者: 李晶华 , 弋国鹏 主编
分册:  
出版信息: 北京   机械工业出版社  2021
页数: 252页
开本: 26cm
丛书名:
单 册:
中图分类: U463.67
科图分类:
主题词: 汽车--智能通信网--电子技术--高等职业教育--教材
电子资源:
ISBN: 978-7-111-68337-7
000 01050nam0 2200265 450
001 0100041869
005 20220405094934.0
010    @a978-7-111-68337-7@dCNY69.90
100    @a20210914d2021 em y0chiy0120 ea
101 0  @achi
102    @aCN@b110000
105    @aa z 000yy
106    @ar
200 1  @a智能网联汽车技术与应用@9Zhi Neng Wang Lian Qi Che;Ju Ji Shu;Zhu Yu Ying Yong @f李晶华,弋国鹏主编@b专著
210    @a北京@c机械工业出版社@d2021
215    @a252页@c图,照片@d26cm@e1习题集(17页)
300    @a高职高专智能网联汽车技术专业校企合作创新教材 机工汽车
330    @a本书共分6章,分别是智能网联汽车发展概述、环境感知技术、车辆定位系统、SLAM建图、智能车辆决策控制系统、智能车辆运动控制系统。
510 1  @aIntelligent connected vehicle technologies and applications@zeng
606 0  @a汽车@x智能通信网@x电子技术@x高等职业教育@j教材
690    @aU463.67@v5
701  0 @a李晶华@c(女,@f1969~)@9li jing hua@4主编
701  0 @a弋国鹏@9yi guo peng@4主编
801    @aCN@baizhi@c20221003
905    @aBZT@dU463.67@e11@f1@sU463.67/11
    
    智能网联汽车技术与应用/李晶华,弋国鹏主编.-北京:机械工业出版社,2021
    252页:图,照片;26cm+1习题集(17页)
    高职高专智能网联汽车技术专业校企合作创新教材 机工汽车
    
    ISBN 978-7-111-68337-7:CNY69.90
    本书共分6章,分别是智能网联汽车发展概述、环境感知技术、车辆定位系统、SLAM建图、智能车辆决策控制系统、智能车辆运动控制系统。
●
相关链接 在五车中查询图书 在当当中查询图书 在豆瓣中查询图书


正题名:智能网联汽车技术与应用     索取号:U463.67/11         预约/预借

序号 登录号 条形码 馆藏地/架位号 状态 备注
1 2000030009   2000030009   旧书回溯/ [索取号:U463.67/11] 在馆    
山东省滨州职业学院图书馆 欢迎您!
大连网信软件有限公司© 版权所有